000 00683nam a2200217 i 4500
001 115196
003 ES-MaACL
005 20250707062617.0
007 t|
008 070226s1907 sp ||||1| spa d
080 _a821.134.2-32"19"
100 1 _aVillaespesa, Francisco.
_9114917
245 1 3 _aEl milagro de las rosas
_b: novela /
_cpor Francisco Villaespesa ; ilustraciones de Estevan.
260 _aMadrid :
_bEl Cuento Semanal,
_c1907.
300 _a20 p. :
_bil. ;
_c26 cm.
490 1 _aEl cuento semanal ;
_v19
700 1 _aEstevan, Enrique,
_d1849-1927
_948126
830 0 3 _aEl cuento semanal
_v19
_9185957
852 _aES-MaACL
_jG-4439(19)
999 _c115196
_d115196